Statistics for Gracie Abrams - Unsteady (Lyrics)

Click here to take the quiz!

General Stats

  • This quiz has been taken 32 times
  • The average score is 241 of 297

Answer Stats

Answer% Correct
a
100%
I
100%
I'm
95%
unsteady
95%
an
90%
be
90%
feel
90%
And
85%
It's
85%
It's
85%
in
85%
is
85%
it
85%
it's
85%
It's
85%
like
85%
me
85%
my
85%
on
85%
so
85%
to
85%
When
85%
when
85%
but
80%
But
80%
cut
80%
deeper
80%
Deeper
80%
don't
80%
down
80%
'em
80%
fault
80%
feels
80%
go
80%
hard
80%
keep
80%
kinda
80%
know
80%
much
80%
Out
80%
out
80%
The
80%
the
80%
what
80%
Words
80%
been
75%
dark
75%
far
75%
fighting
75%
Hiding
75%
home
75%
island
75%
I've
75%
Lately
75%
of
75%
seem
75%
should
75%
that
75%
up
75%
all
70%
at
70%
At
70%
believe
70%
blue
70%
cool
70%
end
70%
feeling
70%
freak
70%
Happens
70%
no
70%
now
70%
panic
70%
Right
70%
right
70%
sort
70%
staring
70%
ceiling
65%
changing
65%
danger
65%
funny,
65%
girl
65%
ground,
65%
None
65%
parties
65%
People
65%
seasons
65%
shrinking
65%
sound
65%
stranger
65%
talk
65%
there's
65%
this
65%
Violet
65%
with
65%
around
60%
bone
60%
break
60%
let
60%
mirror's
60%
pull
60%
quiet
60%
Someone
60%
weaker
60%

Score Distribution

Percentile by Number Answered

Percent of People with Each Score

Your Score History

You have not taken this quiz